| 000 | 00454nam a22001697a 4500 | ||
|---|---|---|---|
| 003 | BD-ChCU | ||
| 005 | 20260120095813.0 | ||
| 008 | 260120b bg ||||| |||| 00| 0 ben d | ||
| 040 | _cBD-ChCU | ||
| 082 | _a547.72 SWI | ||
| 100 |
_aSwan, G. A. _919432 |
||
| 245 |
_aAn introduction to the alkaloids.// _cG. A. Swain. |
||
| 260 |
_aOxford _bBlack-Well Scientific Pub. _c1967 |
||
| 300 | _aviii,326p | ||
| 650 | 0 |
_aALkalies. _919433 |
|
| 942 |
_2ddc _cBK _n0 |
||
| 999 |
_c111148 _d111148 |
||